00000000cam 2200000zi 4500
0019.963330
003CaOODSP
00520260605081807
006m     o  d f      
007cr bn ||||||||
008260605e20260604onc     ol   f000 0 eng d
040 |aCaOODSP|beng|erda|cCaOODSP
0410 |aeng|afre
043 |an-cn---
0861 |aYB451-246/3-PDF
1101 |aCanada. |bParliament. |bSenate, |eissuing body.
24513|aAn Act respecting the recognition of wartime service = |bLoi concernant la reconnaissance du service en temps de guerre.
24611|aLoi concernant la reconnaissance du service en temps de guerre
2461 |iShort title: |aWartime Service Recognition Act
264 1|a[Ottawa] : |bSenate of Canada = Sénat du Canada, |cJune 4, 2026.
300 |a1 online resource (ii, 7 pages).
336 |atext|btxt|2rdacontent
337 |acomputer|bc|2rdamedia
338 |aonline resource|bcr|2rdacarrier
4901 |aBill S-... ; |vBill S-246, 1st Session, 45th Parliament
500 |a"First Session, Forty-fifth Parliament, 3-4 Charles III, 2025-2026."
500 |a"As passed by the Senate, June 4, 2026."
520 |a"This enactment provides for the development of a national framework for the recognition of certain military service as wartime service and for the designation by the Governor in Council of military service as wartime service if it meets the objective criteria set out in the national framework"--Summary, page ii.
546 |aText in English and French.
650 0|aMilitary decorations|xLaw and legislation|zCanada.
655 7|aLegislative bills|2lcgft
788 |tAn Act respecting the recognition of wartime service = |efre|w(CaOODSP)9.963331
830#0|aBill S-...|vBill S-246, 1st Session, 45th Parliament.|w(CaOODSP)9.500665
85640|qPDF|s138 KB|uhttps://publications.gc.ca/collections/collection_2026/sen/YB451-246-3.pdf
8564 |qHTML|sN/A|uhttps://www.parl.ca/documentviewer/en/45-1/bill/S-246/third-reading
986 |a4512536